Mediterranean Sea General Knowledge - Statistics

General Stats
  • This quiz has been taken 1,126 times
  • The average score is 27 of 34
Answer Stats
Hint Answer % Correct
Island nations Cyprus
98%
Largest islands Cyprus
98%
Island nations Malta
98%
Largest bordering countries Algeria
97%
Largest bordering countries Egypt
96%
Largest bordering countries Libya
95%
Largest bordering countries Turkey
95%
Largest bordering countries France
94%
Smallest bordering country Monaco
92%
The Mediterranean forms part of which ocean? Atlantic
91%
Country with the largest Exclusive Economic Zone Italy
91%
Largest islands Sicily
91%
Bordering British Overseas Territory Gibraltar
90%
Major canal connecting the Mediterranean to the Red Sea Suez Canal
89%
The Mediterranean connects to this sea via the Bosphorus Strait Black Sea
86%
Largest islands Sardinia
86%
Largest islands Corsica
80%
Largest islands Crete
80%
Which marginal sea has approximately 1,400 (mostly Greek) islands? Aegean Sea
79%
Empire that completely controlled the Mediterranean for 400 years Roman Empire
79%
Which marginal sea separates the Balkan peninsula from the Italian Peninsula? Adriatic Sea
78%
Most populous cities Alexandria
78%
Most populous cities Athens
78%
Most populous cities Barcelona
78%
Country with only ≈20km of coastline Bosnia and Herzegovina
77%
Volcano that famously destroyed Pompeii Mount Vesuvius
77%
Most populous cities Algiers
74%
What is the longest river that flows into the Mediterranean? Nile
71%
Fictional island that some hypothesise is located in the Mediterranean Atlantis
67%
Most populous cities Naples
65%
Spanish archipelago in the western Mediterranean Balearic Islands
60%
Spanish autonomous cities Ceuta
53%
Spanish autonomous cities Melilla
42%
Bordering British Overseas Territory Akrotiri and Dhekelia
25%
No matching quizzes found
Score Distribution
Percent of People with Each Score
Percentile by Number Answered
Your Score History
You have not taken this quiz